00580nam a2200157 a 4500008004100000050001800041100002100059245002300080246002200103260003200125300001300157350000900170995009200179999001700271952013400288120416s1977 ||||||||||||||||| || u aHF 5415.3 Rey aReynolds, Fred D10aConsumer behaviour aFred D. Reynoldss aNew YorkbMcGraw-Hillc1977 ax, 422p. a0.00 D0.00FCBU-MAIN LIBRARY (Kitwe)H1I0.00UAVAILABLEZMain Library Open Access Collection c38588d38588 00102lcc4070a001b001cMain Library Open Access Collectiond2022-11-30l0oHF 5415.3 Reyp005712r2022-11-30w2022-11-30y002